000 00382nam a2200133Ia 4500
008 151001s9999||||xx |||||||||||||| ||und||
100 _aरजनी शिरोडकर
245 _aशल्य
250 _a1
260 _bबांदोडकर पब्लिशिंग कंपनी मुंबई
260 _c1989
300 _a179
365 _b18
999 _c973764
_d973761